Slabým miestom slovenskej daňovej reformy je vysoká DPH
Analytický pohľad na daňovú reformu na Slovensku. Porovnanie efektívneho zaťaženia daňou z pridanej hodnoty vo vybraných krajinách EÚ. Prehľad sadzieb DPH v Európe. Výhody nižšej DPH, poklesu korporátnej dane a súvisice ekonomické dopady. Prehľad dane z príjmov právnických osôb v Európe. Odvodové za...
Guardado en:
| Autor principal: | |
|---|---|
| Formato: | Capítulo de libro |
| Lenguaje: | eslovaco |
| Materias: | |
| Etiquetas: |
Sin Etiquetas, Sea el primero en etiquetar este registro!
|
MARC
| LEADER | 00000naa$a2200000$$$4500 | ||
|---|---|---|---|
| 001 | 0018790 | ||
| 005 | 20231004124608.4 | ||
| 041 | 0 | |a slo | |
| 044 | |a SK | ||
| 245 | 1 | 0 | |a Slabým miestom slovenskej daňovej reformy je vysoká DPH |c Katarína Šefčíková |
| 520 | |a Analytický pohľad na daňovú reformu na Slovensku. Porovnanie efektívneho zaťaženia daňou z pridanej hodnoty vo vybraných krajinách EÚ. Prehľad sadzieb DPH v Európe. Výhody nižšej DPH, poklesu korporátnej dane a súvisice ekonomické dopady. Prehľad dane z príjmov právnických osôb v Európe. Odvodové zaťaženie v Európe. | ||
| 610 | 2 | 0 | |a dane rovné |
| 610 | 2 | 0 | |a dane z hodnoty pridanej |
| 610 | 2 | 0 | |a zaťaženie daňové |
| 610 | 2 | 0 | |a Európska únia |
| 610 | 2 | 0 | |a Slovensko |
| 610 | 2 | 0 | |a dane z príjmov |
| 610 | 2 | 0 | |a poistenie sociálne |
| 610 | 2 | 0 | |a reformy daňové |
| 100 | 1 | |a Šefčíková, Katarína | |